Luật Phòng, chống tham nhũng và văn bản hướng dẫn thi hành
Giới thiệu các quy định chung và cụ thể của luật phòng, chống tham nhũng về minh bạch tài sản, thu nhập, các qui định về phòng, chống tham nhũng trong quản lý kinh doanh, vị trí công tác, tiền lương, thu nhập, giám sát cán bộ và các qui định về x...
Gorde:
| Formatua: | Liburua |
|---|---|
| Hizkuntza: | Undetermined |
| Argitaratua: |
H.
CTQG
2009
|
| Gaiak: | |
| Sarrera elektronikoa: | http://lrc.tdmu.edu.vn/opac/search/detail.asp?aID=2&ID=7428 |
| Etiketak: |
Etiketa erantsi
Etiketarik gabe, Izan zaitez lehena erregistro honi etiketa jartzen!
|
| Thư viện lưu trữ: | Trung tâm Học liệu Trường Đại học Thủ Dầu Một |
|---|
| LEADER | 01021nam a2200181Ia 4500 | ||
|---|---|---|---|
| 001 | TDMU_7428 | ||
| 008 | 210410s9999 xx 000 0 und d | ||
| 082 | |a 345 | ||
| 090 | |b L504 | ||
| 245 | 0 | |a Luật Phòng, chống tham nhũng và văn bản hướng dẫn thi hành | |
| 260 | |a H. | ||
| 260 | |b CTQG | ||
| 260 | |c 2009 | ||
| 300 | |a 451tr | ||
| 520 | |a Giới thiệu các quy định chung và cụ thể của luật phòng, chống tham nhũng về minh bạch tài sản, thu nhập, các qui định về phòng, chống tham nhũng trong quản lý kinh doanh, vị trí công tác, tiền lương, thu nhập, giám sát cán bộ và các qui định về xử lý trách nhiệm khi xảy ra tham nhũng | ||
| 650 | |a Pháp luật; Phòng chống; Tham nhũng; Văn bản pháp luật; | ||
| 856 | |u http://lrc.tdmu.edu.vn/opac/search/detail.asp?aID=2&ID=7428 | ||
| 980 | |a Trung tâm Học liệu Trường Đại học Thủ Dầu Một | ||